| Tag |
First Indicator |
Second Indicator |
Subfields |
| LEADER |
00000cam a2200000 a 4500 |
| 001 |
in00000880821 |
| 005 |
20150923143322.0 |
| 007 |
hd afv---baca |
| 007 |
hd bfv---baaa |
| 008 |
841217s1653 miu a 00100 eng d |
| 035 |
|
|
|a (OCoLC)11503405
|
| 035 |
|
|
|9 AEL6209AM
|
| 037 |
|
|
|a CL0037000052
|b University Microfilms International
|
| 037 |
|
|
|b University Microfilms International, 300 N. Zeeb Rd., Ann Arbor, MI 48106
|
| 040 |
|
|
|a EAJ
|c EAJ
|d UMI
|d m/c
|d UtOrBLW
|
| 049 |
|
|
|a TXAI
|
| 090 |
|
|
|a BS1440
|b .S73 1653
|
| 099 |
|
|
|a film
|a B
|a 3609
|
| 245 |
0 |
4 |
|a The Whole book of Psalms :
|b set forth and allowed to be sung in all churches, of all the people together, before and after morning and evening prayer, and also before and after sermons, and moreover, in private houses, for their godly solace and comfort, laying apart all ungodly songs and ballads which tend only to the nourishing of vice and corrupting of youth /
|c collected into English metre by Thomas Sternhold, John Hopkins, and others.
|
| 264 |
|
3 |
|a London :
|b Printed by the Companie of Stationers,
|c 1653.
|
| 300 |
|
|
|a 2 unnumbered pages, 78 pages, 14 unnumbered pages
|
| 336 |
|
|
|a text
|b txt
|2 rdacontent
|
| 337 |
|
|
|a microform
|b h
|2 rdamedia
|
| 338 |
|
|
|a microfilm reel
|b hd
|2 rdacarrier
|
| 500 |
|
|
|a Includes index.
|
| 500 |
|
|
|a Imperfect: pages cropped with some loss of print.
|
| 500 |
|
|
|a Reproduction of original in the British Library.
|
| 510 |
4 |
|
|a Wing
|c B2449.
|
| 533 |
|
|
|a Microfilm.
|b Ann Arbor, Mich. :
|c University Microfilms International,
|d 1983.
|e 1 microfilm reel ; 35 mm.
|f (Early English books, 1641-1700 : 1477:6)
|
| 500 |
|
|
|a Microform.
|
| 630 |
0 |
0 |
|a Bible.
|p Psalms
|x Paraphrases, English.
|
| 650 |
|
0 |
|a Psalters.
|
| 700 |
1 |
|
|a Hopkins, John,
|d -1570.
|
| 700 |
1 |
|
|a Sternhold, Thomas,
|d -1549.
|
| 730 |
0 |
|
|a Bible.
|p Psalms.
|l English.
|k Paraphrases.
|s Sternhold and Hopkins.
|f 1653.
|
| 830 |
|
0 |
|a Early English books, 1641-1700 ;
|v 1477:6.
|
| 999 |
|
|
|a MARS
|
| 999 |
f |
f |
|s c69be8a3-3003-36dd-83a5-1d5cc19a4054
|i fd33e4d2-eb35-3cbb-bf8a-7b56fc9f01d6
|t 0
|
| 952 |
f |
f |
|p default
|a Texas A&M University
|b College Station
|c Sterling C. Evans Library
|d Evans: Microforms (3rd floor)
|t 0
|e film B 3609 1477:6
|h Other scheme
|i microform -- microfilm reel
|
| 998 |
f |
f |
|a film B 3609 1477:6
|t 0
|l Evans: Microforms (3rd floor)
|